| 000 | 00422nam a22001457a 4500 | ||
|---|---|---|---|
| 005 | 20250310105535.0 | ||
| 008 | 250310b |||||||| |||| 00| 0 eng d | ||
| 020 | _a9780787949990 | ||
| 050 |
_aHD58 _b.9.P65 POI |
||
| 100 | _aPoister, Theodore H. | ||
| 245 | _aMeasuring performance in public and nonprofit organizations | ||
| 260 |
_aSan Francisco _bJossey-Bass _cc2003 |
||
| 300 |
_axxi, 289p; _bill.; |
||
| 942 |
_2lcc _cBK _n0 |
||
| 999 |
_c4632 _d4632 |
||